000 01167cam a2200301 i 4500
001 bg
003 BPK
005 20190828103652.0
008 070918s1973 xuka |000 0 eng
015 _aPB 1973/10862
040 _aWA N
_cBPK
041 1 _aeng
_hpol
080 _a621.315.5
080 _a54-31
100 1 _aJarzębski, Zdzisław M.
_eAutor
245 1 0 _aOxide semiconductors /
_cZ. M. Jarzębski ; transl. from the Pol. by B. Grzybowska-Świerkosz.
246 1 _iTyt. oryg.:
_aPółprzewodniki tlenkowe.
260 _aOxford :
_bPergamon Press ;
_aWarsaw :
_bWydawnictwa Naukowo-Techniczne,
_c[1973].
300 _aXI, 285 s. :
_bil. ;
_c27 cm.
490 1 _aInternational Series of Monographs in the Science of the Solid State ;
_vvol. 4.
504 _aBibliogr.
650 4 _aTlenki
_xstosowanie.
650 4 _aPółprzewodniki
700 1 _aGrzybowska-Świerkosz, Barbara
_d(1937- ).
_eTł.
830 0 _aInternational Series of Monographs in the Science of the Solid State
_vvol. 4.
856 _uhttp://koha.tu.koszalin.pl/cgi-bin/koha/opac-detail.pl?biblionumber=27145
_yKatalog online BPK
942 _2UKD
_cKS
999 _c27145
_d27145